000 01107nam1a22002771i 4500
001 rc\1184550
005 20260407110854.0
035 _a(NLR Aleph) 008767868
090 _a7905505
_c7905505
100 _a20041129d1980 u |0rusy50 ca
101 0 _arus
102 _aRU
105 _ay |||||||||
200 1 _aПеречень действующих нормативных актов Министерства черной металлургии СССР, изданных... 1980 г.
210 _aМосква
_cЧерметинформация
_d1980
215 _d20
606 1 _aЧерная металлургия
_jЗаконы, постановления и т.п.
_yСССР
_91077994
_3RU\NLR\AUTH\66102168
686 0 _aХ621.142.2/3-3
_2rubbk
710 0 1 _aСССР
_bМинистерство черной металлургии
_3RU\NLR\AUTH\889938455
_9371755
801 0 _aRU
_bNLR
_gpsbo
801 1 _aRU
_bELAR
_2rusmarc
801 2 _aRU
_bNLR
_c20111214
_2rusmarc
852 _aNLR
_j80-4/22387 (1 кв.)
852 _aNLR
_j80-4/27586 (2 кв.)
852 _aNLR
_j78-4/23577(3 кв.)
942 _cBOOK